5HLuxD.jpg

KING HENRY VIII SENIOR AND PRIMARY SCHOOL LIBRARY OPAC

ASTRID THE UNSTOPPABLE (Record no. 5131)

000 -LEADER
fixed length control field 00327nam a22001217a 4500
008 - FIXED-LENGTH DATA ELEMENTS--GENERAL INFORMATION
fixed length control field 250701b ||||| |||| 00| 0 eng d
020 ## - INTERNATIONAL STANDARD BOOK NUMBER
International Standard Book Number 9781406366853
082 ## - DEWEY DECIMAL CLASSIFICATION NUMBER
Classification number FIC PAR
100 ## - MAIN ENTRY--PERSONAL NAME
Personal name PARR,MARIA
Relator term AUTHOR
245 ## - TITLE STATEMENT
Title ASTRID THE UNSTOPPABLE
260 ## - PUBLICATION, DISTRIBUTION, ETC.
Place of publication, distribution, etc. 87 VAUXHALL WALK,LONDON SE11 5HJ
Name of publisher, distributor, etc. WALKER BOOKS LTD
Date of publication, distribution, etc. 2017
942 ## - ADDED ENTRY ELEMENTS (KOHA)
Source of classification or shelving scheme
Holdings
Withdrawn status Lost status Source of classification or shelving scheme Damaged status Not for loan Collection code Permanent Location Current Location Shelving location Date acquired Full call number Barcode Date last seen Price effective from Koha item type Public note
          Fiction KH8 Primary School Library KH8 Primary School Library Fiction 2025-07-01 FIC PAR KHPL000007304 2026-01-12 2025-07-01 Books - Fiction KH8 PRIMARY LIBRARY

Powered By KH8 IT Dept